书目信息 |
| 题名: |
电子显微镜图像分析原理与应用
|
|
| 作者: | 黄孝瑛 著 | |
| 分册: | ||
| 出版信息: | 北京 宇航出版社 1989.9 |
|
| 页数: | 518页 | |
| 开本: | 20厘米 | |
| 丛书名: | ||
| 单 册: | ||
| 中图分类: | TN153 , TN16 | |
| 科图分类: | ||
| 主题词: | 电子显微镜-图象分析--理论 , 电子显微镜-图像分析--应用 , 图象分析-电子显微镜--应用 , 象像分析-电子显微镜--理论 , 电子光学--光学仪器 | |
| 电子资源: | ||
| ISBN: | 7-80034-206-9 | |
| 000 | 01017nam0 2200289 45 | |
| 001 | 0190009103 | |
| 005 | 20061123092330.79 | |
| 010 | @a7-80034-206-9@dCNY9.40 | |
| 100 | @a19921208d1989 km y0chiy0121 ea | |
| 101 | 0 | @achi |
| 102 | @aCN@b110000 | |
| 105 | @ay z 000yy | |
| 200 | 10 | @a电子显微镜图像分析原理与应用@ADIAN ZI XIAN WEI JING TU XIANG FEN XI YUAN LI YU YING YONG@f黄孝瑛著@FHUANG XIAO YING ZHU |
| 210 | @a北京@c宇航出版社@d1989.9 | |
| 215 | @a518页@d20厘米 | |
| 330 | @a本书系统地介绍了透射电子显微镜图像衬度的形成原理和实验分析技术。 | |
| 540 | 1 | @a电子 显微镜 图像 分析 原理 应用@ADIAN ZI XIAN WEI JING TU XIANG FEN XI YUAN LI YING YONG |
| 606 | @a电子显微镜-图象分析@x理论 | |
| 606 | @a电子显微镜-图像分析@x应用 | |
| 606 | @a图象分析-电子显微镜@x应用 | |
| 606 | @a象像分析-电子显微镜@x理论 | |
| 606 | 0 | @a电子光学@x光学仪器 |
| 690 | @aTN153@v三版 | |
| 690 | @aTN16@v3 | |
| 701 | 0 | @a黄孝瑛@AHUANG XIAO YING@4著 |
| 801 | 0 | @aCN@bTSSF@c20061123 |
| 905 | @a10447@dTN16@e12 | |
| 电子显微镜图像分析原理与应用/黄孝瑛著.-北京:宇航出版社,1989.9 |
| 518页;20厘米 |
| ISBN 7-80034-206-9:CNY9.40 |
| 本书系统地介绍了透射电子显微镜图像衬度的形成原理和实验分析技术。 |
| ● |
| 相关链接 |
|
|
|
|
正题名:电子显微镜图像分析原理与应用
索取号:TN16/12
 
预约/预借
| 序号 | 登录号 | 条形码 | 馆藏地/架位号 | 状态 | 备注 |
| 1 | 0231916 | 001349918 | 第二样本阅览室/ [索取号:TN16/12] | 在馆 |